000 00671 a2200205 4500
010 _aENG-85884
020 _a8131300722
_c595.00
035 _aEN-69417
037 _bD.B.Act / Pub
082 1 4 _a331
090 _c3614
_d3614
100 1 4 _aVenkataramana, P.
245 1 _aIndustrial relations
_cby P. Venkataramana
260 _aNew Delhi
_bAPH Publishing Corporatioon
_c2007
270 _a5, Ansari Road, Darya Ganj
_bNew Delhi
_e110 002
_k011- 23274050
_maphbooks@vsnl.net
300 _a239 p.
_b21 cm ( Hb.)
500 _aincludes index
942 _adpl
_cEN
_k331 / VEN
999 _c3543
_d3543